Score 0/21 Timer 04:00
1 Play Today
Clue 3-Letter Homophone % Correct
'Fight Club' actor BradPIT
91.6%
'West Wing' and 'Parks and Recreation' actor RobLOW
87.8%
Santa's signature laugh wordHOE
87.4%
Larry and Curly's missing partnerMOW
86.6%
A witty remark: a bon ___MOW
86.6%
Substance used to add colorDIE
85.4%
Unit of nautical speedNOT
81.6%
Interlace yarn with needlesNIT
80.8%
Slang for moneyDOE
80.5%
Circle's circumference divided by its diameterPIE
79.2%
Ball-shaped door handleNOB
78.8%
Clue 3-Letter Homophone % Correct
Baseball legend TyCOB
75.7%
Sultry singer and TV Catwoman EarthaKIT
73.5%
Costello or Ferrigno or Diamond Phillips, e.g.LOO
72.9%
Abbott & Costello's first basemanHOO
72.8%
Assistant to a military officerAID
61.8%
Had eatenAIT
61.6%
Acting brother of Jeff BridgesBOW
59.2%
Famed pirate Captain WilliamKID
53.4%
Male chickensCOX
34.5%
Dark German lagersBOX
28.7%

Today's Daily Dose

Missing Word
'Song' Songs (A-Z)

Word Ladder
Nervous System

Get the Picture
NFL Bird Teams

Remove Ads.
Support Sporcle.
Get the best of Sporcle when you Go Orange. This ad-free experience offers more features, more stats, and more fun while also helping to support Sporcle. Thank you for becoming a member.

You're not logged in!

Compare scores with friends on all Sporcle quizzes.
OR
Log In

Sporcle TV

Today on Sporcle TV


Watch our educational content, quiz creation guides, and fun videos on Sporcle TV.

Show Comments

Extras

Top Quizzes Today


Score Distribution

Paid Content

Your Account Isn't Verified!

In order to create a playlist on Sporcle, you need to verify the email address you used during registration. Go to your Sporcle Settings to finish the process.

Report this User

Report this user for behavior that violates our Community Guidelines.

Details: